Λόγος πανηγυρικός εις τον Πατριάρχην Γρηγόριον τον Ε : εκφωνηθείς εντολή, της κεντρικής επιτροπείας της εκατονταετηρίδος της Ελλ. Επαναστάσεως τη 10 Απριλίου 1921 επι τη εκατοστή επέτειω του μαρτυρίου αυτού εν τη μεγάλη αίθουση των τελετών του Πανεπιστημίου

Saved in:
Bibliographic Details
Main Author: Ανδρούτσος, Χρήστος
Format: Book
Language:Greek
Published: Αθήνα : Εθνικό τυπογραφείο, 1921
Subjects:
Tags: Add Tag
No Tags, Be the first to tag this record!

MARC

LEADER 00000cam a2200000 i 4500
001 1/99531
008 950403s1921 gre d
035 |l 10011341 
040 |a GR-MY-UA  |b gre  |e aacr 
041 0 |a gre 
082 0 |a 938.008 
100 1 |a Ανδρούτσος, Χρήστος. 
245 1 0 |a Λόγος πανηγυρικός εις τον Πατριάρχην Γρηγόριον τον Ε :  |b εκφωνηθείς εντολή, της κεντρικής επιτροπείας της εκατονταετηρίδος της Ελλ. Επαναστάσεως τη 10 Απριλίου 1921 επι τη εκατοστή επέτειω του μαρτυρίου αυτού εν τη μεγάλη αίθουση των τελετών του Πανεπιστημίου /  |c Χρήστου Ανδρούτσου 
260 |a Αθήνα :   |b Εθνικό τυπογραφείο,   |c 1921 
300 |a 21 σ. 
651 0 |a Greece  |x History  |y 1821- 
852 |a INST  |b LESVOS  |e 19950403  |h 938.008 ΑΝΔ  |p 005100036675  |q 005100036675  |t BK  |y 0 
909 |a Λ  |b 038316 
970 |z 2000/06/ΟΙΚΟΝΟΜΟΠΟΥΛΟΥ ΧΡΙΣΤΙΝΑ